Statistics for Complete the Card - WWE WrestleMania 34

Click here to take the quiz!

General Stats

  • This quiz has been taken 1,302 times
  • The average score is 32 of 39

Answer Stats

Answer% Correct
Roman Reigns
99%
Brock Lesnar
98%
Seth Rollins
95%
Charlotte Flair
94%
The Miz
93%
AJ Styles
91%
Triple H
91%
Finn Balor
89%
Ronda Rousey
89%
Kurt Angle
88%
Stephanie McMahon
88%
Jey Uso
87%
Jimmy Uso
87%
Shinsuke Nakamura
87%
Cesaro
86%
Sheamus
86%
Asuka
85%
Kofi Kingston
85%
Randy Orton
85%
Big E
84%
John Cena
84%
The Undertaker
82%
Shane McMahon
81%
Alexa Bliss
79%
Kevin Owens
79%
Daniel Bryan
78%
Braun Strowman
77%
Nia Jax
77%
Sami Zayn
77%
Jinder Mahal
73%
Nicholas
71%
Matt Hardy
70%
Rusev
70%
Cedric Alexander
67%
Naomi
66%
Bobby Roode
64%
Harper
63%
Rowan
63%
Mustafa Ali
59%

Score Distribution

Percentile by Number Answered

Percent of People with Each Score

Your Score History

You have not taken this quiz